[Event "LNA Puma Cup"]
[Site "Argentina"]
[Date "2006.10.07"]
[Round "6"]
[White "Roca, Alfredo Cristian"]
[Black "Iermito, Sebastian"]
[Result "1/2-1/2"]
[WhiteElo "2364"]
[BlackElo "2151"]
[PlyCount "60"]
[EventDate "2006.09.03"]
[EventType "swiss"]
[EventRounds "8"]
[EventCountry "ARG"]
[SourceTitle "EXT 2008"]
[Source "ChessBase"]
[SourceDate "2007.11.25"]
[SourceVersion "1"]
[SourceVersionDate "2007.11.25"]
[SourceQuality "1"]

1. d4 d5 2. Nf3 c6 3. e3 Nf6 4. Bd3 Bg4 5. Nbd2 e6 6. 0-0 Nbd7 7. h3 Bh5 8. c4 Bd6 9. b3 0-0 10. Bb2 Qe7 11. Qc2 Rac8 12. Ne5 Bg6 13. Rac1 Bxd3 14. Qxd3 Bb4 15. Bc3 Bxc3 16. Nxd7 Qxd7 17. Rxc3 dxc4 18. Nxc4 c5 19. Ne5 Qd5 20. Rfc1 Ne4 21. R3c2 Rcd8 22. Nf3 e5 23. Rd1 Rfe8 24. Qf1 exd4 25. exd4 h6 26. Rcc1 cxd4 27. Rxd4 Qa5 28. Rxd8 Rxd8 29. Qc4 Nd2 30. Nxd2 Qxd2 1/2-1/2

[Event "LNA Puma Cup"]
[Site "Argentina"]
[Date "2006.09.09"]
[Round "2"]
[White "Roca, Alfredo Cristian"]
[Black "Shcherbine, Andrei"]
[Result "1/2-1/2"]
[WhiteElo "2364"]
[BlackElo "2261"]
[PlyCount "104"]
[EventDate "2006.09.03"]
[EventType "swiss"]
[EventRounds "8"]
[EventCountry "ARG"]
[SourceTitle "EXT 2008"]
[Source "ChessBase"]
[SourceDate "2007.11.25"]
[SourceVersion "1"]
[SourceVersionDate "2007.11.25"]
[SourceQuality "1"]

1. c4 Nf6 2. Nf3 g6 3. b3 Bg7 4. Bb2 d6 5. d4 c6 6. g3 Bg4 7. Bg2 0-0 8. 0-0 Bxf3 9. Bxf3 d5 10. Nd2 Bh6 11. e3 e6 12. b4 Ne8 13. b5 f5 14. bxc6 bxc6 15. Qa4 Nf6 16. Ba3 Rf7 17. Rab1 Bf8 18. Bxf8 Qxf8 19. Rb2 Rc7 20. Qa5 Qc8 21. Rc1 Nbd7 22. Rbc2 Nb6 23. Qc5 Ne4 24. Bxe4 dxe4 25. f3 exf3 26. Nxf3 Nd7 27. Qd6 Nf6 28. Ng5 Qd7 29. Qe5 Ng4 30. Qxe6+ Qxe6 31. Nxe6 Re7 32. d5 Nxe3 33. Re2 cxd5 34. Rxe3 d4 35. Re5 Rae8 36. Rce1 d3 37. Kf2 d2 38. Rd1 Rxe6 39. Rxe6 Rxe6 40. Rxd2 Kf7 41. Kf3 Ke7 42. h4 h6 43. Rb2 Ra6 44. Rd2 g5 45. hxg5 hxg5 46. Ke3 Ra3+ 47. Kf2 Ke6 48. Re2+ Kd6 49. Rd2+ Ke5 50. Rc2 Kd6 51. Rd2+ Ke6 52. Re2+ Kd6 1/2-1/2

[Event "Pinamar ITT Lettieri"]
[Site "Pinamar"]
[Date "2005.03.18"]
[Round "11"]
[White "Roca, Alfredo Cristian"]
[Black "Needleman, Alejandro"]
[Result "1/2-1/2"]
[WhiteElo "2366"]
[BlackElo "2400"]
[PlyCount "138"]
[EventDate "2005.03.08"]
[EventType "tourn"]
[EventRounds "11"]
[EventCountry "ARG"]
[EventCategory "3"]
[SourceTitle "CBM 105 Extra"]
[Source "ChessBase"]
[SourceDate "2005.05.01"]
[SourceVersion "1"]
[SourceVersionDate "2005.05.01"]
[SourceQuality "1"]

1. e4 c5 2. Nc3 e6 3. g3 d5 4. exd5 exd5 5. Bg2 Nf6 6. Nge2 d4 7. Ne4 Nxe4 8. Bxe4 Nd7 9. d3 Nf6 10. Bg2 Bd6 11. 0-0 0-0 12. Bf4 Bg4 13. Bxd6 Qxd6 14. h3 Bxe2 15. Qxe2 Rfe8 16. Qd2 Re7 17. Rfe1 Rae8 18. Rxe7 Rxe7 19. Re1 b6 20. Rxe7 Qxe7 21. Qf4 g6 22. Kf1 Kg7 23. a4 Qe6 24. b3 h6 25. h4 Qg4 26. Qxg4 Nxg4 27. Ke2 Ne5 28. Bd5 f6 29. Kf1 g5 30. Kg2 f5 31. hxg5 hxg5 32. Bb7 Kf6 33. Kf1 Nf7 34. Ke2 Ke5 35. Bc6 Nh6 36. Bd7 Ng4 37. Bc8 Nf6 38. Bb7 f4 39. Bc6 fxg3 40. fxg3 Ng4 41. Bf3 Ne3 42. c4 Kf5 43. Bh5 g4 44. Be8 Nc2 45. Bd7+ Kg5 46. a5 bxa5 47. Kd2 Ne3 48. Ke2 Kf6 49. Ba4 Ke6 50. Kf2 Ke5 51. Ke2 Kd6 52. Kf2 Nf5 53. Kg2 Ke5 54. Kf2 Ke6 55. Kg2 Ng7 56. Kf2 Nh5 57. Kg2 Kf6 58. Kf2 Kg5 59. Kg2 Nf4+ 60. gxf4+ Kxf4 61. Kf2 g3+ 62. Ke2 g2 63. Kf2 g1Q+ 64. Kxg1 Ke3 65. Kf1 Kxd3 66. Ke1 Ke3 67. Kd1 Kd3 68. Ke1 Ke3 69. Kd1 Kd3 1/2-1/2

[Event "Pinamar ITT Lettieri"]
[Site "Pinamar"]
[Date "2005.03.14"]
[Round "7"]
[White "Roca, Alfredo Cristian"]
[Black "Peralta, Eduardo"]
[Result "1-0"]
[WhiteElo "2366"]
[BlackElo "2252"]
[PlyCount "73"]
[EventDate "2005.03.08"]
[EventType "tourn"]
[EventRounds "11"]
[EventCountry "ARG"]
[EventCategory "3"]
[SourceTitle "CBM 105 Extra"]
[Source "ChessBase"]
[SourceDate "2005.05.01"]
[SourceVersion "1"]
[SourceVersionDate "2005.05.01"]
[SourceQuality "1"]

1. c4 g6 2. Nc3 Bg7 3. g3 d6 4. Bg2 f5 5. d3 Nf6 6. e4 Nc6 7. Nge2 0-0 8. 0-0 e5 9. h3 f4 10. gxf4 Nh5 11. f5 gxf5 12. Ng3 Nf4 13. Bxf4 exf4 14. Nxf5 Bxf5 15. exf5 Rxf5 16. Be4 Rg5+ 17. Kh2 Be5 18. Rg1 Kh8 19. Rxg5 Qxg5 20. Qg4 f3+ 21. Kh1 Qh6 22. Rg1 Rf8 23. Nd5 Bxb2 24. Nxc7 Ne5 25. Qe6 Qxe6 26. Nxe6 Rf6 27. Rb1 Bc3 28. Nc7 Rh6 29. Rxb7 Rxh3+ 30. Kg1 d5 31. Ne6 Kg8 32. Rb8+ Kf7 33. Ng5+ Kf6 34. Nxh3 dxe4 35. dxe4 Bd4 36. Nf4 Bb6 37. Nd5+ 1-0

[Event "Pinamar ITT Lettieri"]
[Site "Pinamar"]
[Date "2005.03.10"]
[Round "3"]
[White "Roca, Alfredo Cristian"]
[Black "Molina, Jorge"]
[Result "1-0"]
[WhiteElo "2366"]
[BlackElo "2234"]
[PlyCount "99"]
[EventDate "2005.03.08"]
[EventType "tourn"]
[EventRounds "11"]
[EventCountry "ARG"]
[EventCategory "3"]
[SourceTitle "CBM 105 Extra"]
[Source "ChessBase"]
[SourceDate "2005.05.01"]
[SourceVersion "1"]
[SourceVersionDate "2005.05.01"]
[SourceQuality "1"]

1. Nf3 Nf6 2. g3 d5 3. Bg2 c5 4. c4 e6 5. 0-0 Nc6 6. b3 Be7 7. e3 0-0 8. Bb2 b6 9. Qe2 Ba6 10. Rd1 Rc8 11. Nc3 Qd7 12. Rac1 Rfd8 13. d3 Qe8 14. Nb1 Bb7 15. Nbd2 dxc4 16. bxc4 Nb4 17. Nf1 Nxa2 18. Ra1 Nb4 19. Rxa7 Rc7 20. Raa1 Rcc8 21. Bc3 Ra8 22. Ne5 Bxg2 23. Kxg2 Rxa1 24. Rxa1 Ra8 25. Qb2 Ra4 26. Rxa4 Qxa4 27. Nd2 Na2 28. Ndf3 Nxc3 29. Qxc3 Bd6 30. Qb2 Bc7 31. g4 Nd7 32. Nxd7 Qxd7 33. Qb5 Qxb5 34. cxb5 Kf8 35. Nd2 Ke7 36. Nc4 f6 37. h4 g6 38. f4 h6 39. Kf3 Kf7 40. e4 h5 41. gxh5 gxh5 42. Ne3 Bd8 43. f5 Ke7 44. fxe6 Kxe6 45. Nf5 Ke5 46. Ke3 Ke6 47. Ng7+ Ke5 48. Nxh5 f5 49. Nf4 Bxh4 50. Ng6+ 1-0

[Event "CFriend AC-2003-Q-00009 email"]
[Site "Chessfriend.com"]
[Date "2003.07.01"]
[Round "?"]
[White "Roca, Alfredo Cristian"]
[Black "Holdschik, Juergen"]
[Result "1/2-1/2"]
[WhiteElo "2580"]
[BlackElo "2378"]
[PlyCount "65"]
[EventDate "2003.07.01"]
[EventType "tourn (corr)"]
[EventRounds "10"]
[SourceTitle "Corr 2008"]
[Source "ChessBase"]
[SourceDate "2008.06.24"]
[SourceVersion "1"]
[SourceVersionDate "2008.06.24"]
[SourceQuality "1"]

1. d4 d5 2. c4 e6 3. Nc3 Nf6 4. Bg5 Be7 5. e3 0-0 6. Nf3 h6 7. Bh4 b6 8. Qb3 Bb7 9. Bxf6 Bxf6 10. cxd5 exd5 11. Rd1 Re8 12. a3 Qd6 13. Bd3 a6 14. 0-0 Nd7 15. Bb1 Rac8 16. Qc2 g6 17. Ba2 Bg7 18. b4 Nf6 19. Rb1 Re7 20. Rfc1 c5 21. bxc5 bxc5 22. dxc5 Rxc5 23. Qd1 Ne8 24. Nd4 Rec7 25. Qd2 Qe7 26. Rc2 Nd6 27. Qd3 Qg5 28. g3 h5 29. Rbc1 Nc4 30. Nce2 h4 31. Nf4 Qe7 32. a4 Nb2 33. Qb3 1/2-1/2

[Event "Mar del Plata op"]
[Site "Mar del Plata"]
[Date "2002.03.28"]
[Round "7"]
[White "Roca, Alfredo Cristian"]
[Black "Puyou, Guillermo"]
[Result "1-0"]
[WhiteElo "2379"]
[BlackElo "2240"]
[PlyCount "67"]
[EventDate "2002.03.23"]
[EventType "swiss"]
[EventRounds "9"]
[EventCountry "ARG"]
[SourceTitle "CBM 087 Extra"]
[Source "ChessBase"]
[SourceDate "2002.05.03"]
[SourceVersion "2"]
[SourceVersionDate "2002.08.09"]
[SourceQuality "1"]

1. Nf3 d5 2. d4 e6 3. e3 f5 4. c4 c6 5. Be2 Bd6 6. b3 Nf6 7. 0-0 Qe7 8. a4 0-0 9. Ba3 Bxa3 10. Nxa3 Nbd7 11. Nc2 Ne4 12. Ne5 Nxe5 13. dxe5 Nc3 14. Qe1 Nxe2+ 15. Qxe2 f4 16. exf4 Rxf4 17. Qd2 g5 18. g3 Rf7 19. Ne3 h5 20. Qd3 Kg7 21. f4 gxf4 22. gxf4 Qh4 23. Kh1 Bd7 24. Rf3 Rg8 25. Ng2 Qd8 26. f5 Rxf5 27. Rxf5 exf5 28. Nf4 Kf7 29. cxd5 cxd5 30. e6+ Bxe6 31. Re1 Re8 32. Qe2 Qd7 33. Qxh5+ Ke7 34. Rxe6+ 1-0

[Event "Mar del Plata op"]
[Site "Mar del Plata"]
[Date "2002.03.24"]
[Round "3"]
[White "Forestani, Andres Luis"]
[Black "Roca, Alfredo Cristian"]
[Result "0-1"]
[WhiteElo "2211"]
[BlackElo "2379"]
[PlyCount "76"]
[EventDate "2002.03.23"]
[EventType "swiss"]
[EventRounds "9"]
[EventCountry "ARG"]
[SourceTitle "CBM 087 Extra"]
[Source "ChessBase"]
[SourceDate "2002.05.03"]
[SourceVersion "2"]
[SourceVersionDate "2002.08.09"]
[SourceQuality "1"]

1. c4 e6 2. g3 d5 3. Bg2 c6 4. Nf3 Nf6 5. b3 Nbd7 6. Bb2 Bd6 7. d4 Ne4 8. 0-0 0-0 9. Nbd2 f5 10. Ne5 Nxe5 11. dxe5 Bc5 12. Nxe4 fxe4 13. e3 Bd7 14. Rc1 Qe7 15. Qg4 Rf5 16. cxd5 exd5 17. Bh3 Bxe3 18. Qd1 Bxc1 19. Qxc1 Rh5 20. Bg2 Bh3 21. Qd1 Bxg2 22. Qxh5 Bxf1 23. Kxf1 Rf8 24. Kg1 Qf7 25. Qe2 Qf3 26. Qd2 Qd3 27. Qe1 d4 28. e6 e3 29. f4 Qe4 30. a4 c5 31. a5 Re8 32. Ba3 d3 33. Bxc5 d2 34. Qe2 Qb1+ 35. Kg2 d1Q 36. Qb5 Qd5+ 37. Kh3 Qh5+ 38. Kg2 Qc2+ 0-1

[Event "Buenos Aires Intercoop 28th"]
[Site "Buenos Aires"]
[Date "2002.??.??"]
[Round "3"]
[White "Roca, Alfredo Cristian"]
[Black "Berrotaran, Esteban"]
[Result "0-1"]
[WhiteElo "2366"]
[BlackElo "2199"]
[PlyCount "36"]
[EventDate "2002.08.24"]
[EventType "team"]
[EventRounds "7"]
[EventCountry "ARG"]
[SourceTitle "EXT 2003"]
[Source "ChessBase"]
[SourceDate "2002.11.25"]
[SourceVersion "1"]
[SourceVersionDate "2002.11.25"]
[SourceQuality "1"]

1. Nf3 f5 2. e4 fxe4 3. Ng5 Nf6 4. d3 e3 5. Bxe3 e5 6. d4 exd4 7. Qxd4 Nc6 8. Qh4 Nb4 9. Na3 Qe7 10. 0-0-0 Nxa2+ 11. Kb1 Qb4 12. Qxb4 Nxb4 13. Bc4 Be7 14. Nb5 Na6 15. Rhe1 d5 16. Bxd5 Nxd5 17. Rxd5 0-0 18. Nxa7 Bf5 0-1

[Event "Buenos Aires tt2"]
[Site "Buenos Aires"]
[Date "2000.??.??"]
[Round "5"]
[White "Fernandez Murga, Roberto"]
[Black "Roca, Alfredo Cristian"]
[Result "0-1"]
[WhiteElo "2270"]
[BlackElo "2385"]
[PlyCount "74"]
[EventDate "2000.??.??"]
[EventType "team"]
[EventRounds "7"]
[EventCountry "ARG"]
[SourceTitle "EXT 2001"]
[Source "ChessBase"]
[SourceDate "2000.11.22"]
[SourceVersion "1"]
[SourceVersionDate "2000.11.22"]
[SourceQuality "1"]

1. Nf3 d5 2. c4 e6 3. Nc3 d4 4. Nb5 Nc6 5. e3 e5 6. exd4 exd4 7. d3 a6 8. Na3 Bb4+ 9. Bd2 Qe7+ 10. Qe2 Bxd2+ 11. Kxd2 Be6 12. Re1 Nf6 13. Ng5 0-0 14. Nxe6 Rfe8 15. Nc2 Qd6 16. Qf3 fxe6 17. Qg3 e5 18. Be2 b5 19. cxb5 axb5 20. a3 b4 21. Bf3 bxa3 22. Bxc6 Qxc6 23. Nxa3 Reb8 24. Nc4 e4 25. Rc1 exd3 26. Qxd3 Ne4+ 27. Ke2 Nc5 28. Qf3 Re8+ 29. Kf1 Qe6 30. g3 Rf8 31. Qe2 Qd5 32. Kg1 Rae8 33. Qd1 Ne4 34. f4 d3 35. Qf3 d2 36. Rd1 Qxc4 37. Kg2 Ng5 0-1

[Event "ESP-chTB"]
[Site "Oropesa del Mar"]
[Date "1996.??.??"]
[Round "7"]
[White "Gavin Roche, Enrique"]
[Black "Roca, Alfredo Cristian"]
[Result "1/2-1/2"]
[WhiteElo "2255"]
[BlackElo "2385"]
[PlyCount "47"]
[EventDate "1996.??.??"]
[EventType "team-swiss"]
[EventRounds "9"]
[EventCountry "ESP"]
[SourceTitle "EXT 1998"]
[Source "ChessBase"]
[SourceDate "1997.11.17"]
[SourceVersion "1"]
[SourceVersionDate "1997.11.17"]
[SourceQuality "1"]

1. d4 d5 2. c4 c6 3. Nc3 Nf6 4. e3 e6 5. Nf3 Nbd7 6. Qc2 Bd6 7. Be2 0-0 8. 0-0 Re8 9. Rd1 e5 10. cxd5 cxd5 11. dxe5 Nxe5 12. Nxd5 Bg4 13. Nxe5 Bxe2 14. Nxf6+ Qxf6 15. Qxe2 Bxe5 16. Rb1 Rad8 17. b3 Rxd1+ 18. Qxd1 Rb8 19. Qf1 h5 20. f4 Bc3 21. Qe2 Qg6 22. e4 Re8 23. Qd3 Ba5 24. f5 1/2-1/2

[Event "Buenos Aires JM ITT1"]
[Site "Buenos Aires"]
[Date "1995.??.??"]
[Round "?"]
[White "Roca, Alfredo Cristian"]
[Black "Fabrega, Enrique"]
[Result "1-0"]
[WhiteElo "2415"]
[BlackElo "2275"]
[PlyCount "123"]
[EventDate "1995.01.??"]
[EventType "tourn"]
[EventRounds "14"]
[EventCountry "ARG"]
[EventCategory "4"]
[SourceTitle "EXT 2002"]
[Source "ChessBase"]
[SourceDate "2001.11.25"]
[SourceVersion "1"]
[SourceVersionDate "2001.11.25"]
[SourceQuality "1"]

1. Nf3 Nf6 2. g3 c5 3. c4 Nc6 4. Bg2 g6 5. b3 Bg7 6. Bb2 0-0 7. 0-0 d6 8. d4 cxd4 9. Nxd4 Bd7 10. Nc3 Qa5 11. e4 Nxd4 12. Qxd4 Ng4 13. Qd2 Qh5 14. h3 Nf6 15. Qd1 Qh6 16. Bc1 Qh5 17. Qxh5 Nxh5 18. Bd2 Bc6 19. Rfe1 Bd4 20. g4 Nf4 21. Rad1 Nxg2 22. Kxg2 Bxc3 23. Bxc3 f5 24. gxf5 gxf5 25. Kh2 fxe4 26. Rg1+ Kf7 27. Rg7+ Ke6 28. Bd4 Rf3 29. Be3 Raf8 30. Rxh7 Rxf2+ 31. Bxf2 Rxf2+ 32. Kg3 e3 33. Re1 Rg2+ 34. Kf4 Kf6 35. Kxe3 e5 36. Re2 Rg3+ 37. Kd2 a6 38. Rf2+ Kg6 39. Rhf7 Rxh3 40. R2f6+ Kg5 41. Rxd6 Rh2+ 42. Kc3 Rxa2 43. Rd8 Kg6 44. Rf1 Kg7 45. Rd2 Rxd2 46. Kxd2 Kg6 47. Kc3 Kg5 48. Kb4 Kg4 49. Kc5 Bf3 50. Kd6 e4 51. Ke5 Kg3 52. Kd4 Kf4 53. Re1 Kf5 54. Rg1 Ke6 55. Rg7 e3 56. Kxe3 Bc6 57. Kd4 Kd6 58. b4 Bf3 59. Rg6+ Kc7 60. Kc5 Bc6 61. Rg7+ Bd7 62. Kd5 1-0